Hunter x hunter : catégorie de choses - Statistiques

Statistiques générales
  • Ce quiz a été pris 186 fois
  • Le résultat moyen est 36 sur 68
Statistiques - réponses
Group Réponse % Correct
Kirua Zoldik
100%
Personnages principaux Gon Freecss
99%
Kirua
99%
Kurapika
97%
Léolio
97%
Hisoka
92%
Principaux antagonistes Hisoka
92%
Hisoka
92%
Leol / Hagya
91%
Meruem
90%
Principales Fourmis Chimères Meruem
90%
Membres de la Brigade Fantôme Kuroro Lucifer
84%
Shaupfufu, Neferupitô, Menthuthuyoupi
83%
Irumi Zoldik
81%
Catégories de Nen Renforcement
80%
Greed Island
78%
Irumi
78%
Pitô
78%
Arc des Kimera Ants
77%
Manipulation
73%
Nom des arcs L'Examen Hunter
72%
Transformation
70%
Matérialisation
69%
Spécialisation
69%
Feitan
67%
Pufu
67%
Silva
66%
Youpi
66%
Famille Zoldik Zeno
65%
Aruka
62%
Karuto Zoldik
58%
Yorkshin City
57%
Émission
56%
Karuto
55%
La Tour Céleste
55%
Uvogin
54%
Nobunaga
53%
Pakunoda
53%
Miruki
51%
Machi
49%
Shizuku
49%
Sharnalk
48%
Franklin
47%
Phinks
46%
Korutopi
44%
Koruto
41%
Bonorenof Ndongo
34%
Bungee Gum
33%
Côte d'un Tsubo / Accompagnement
29%
Kikyô
27%
Genthru
26%
La Brigade Fantôme
26%
Ikarugo
24%
La Famille Zoldik
24%
Capacités de Nen emblématiques Pierre papier ciseaux
21%
Élection du Président
20%
Pariston
18%
Cartes de Greed Island emportées par Gon, Kirua et Biscuit Planète bleue
18%
Collier du Chevalier
16%
Zazan
16%
Djido
10%
Godspeed
10%
Crazy Slot
7%
Judgment Chain
7%
Flutter
5%
Bandit's Secret
1%
bodhisattva guanyin type 100
1%
Synthèse aura
1%
Aucun quiz correspondant
Distribution des résultats
% des personnes avec chaque résultat
Percentile par nombre de réponses
Votre historique - résultats
Vous n’avez pas pris ce quiz